[Event "Martin op"]
[Site "Martin"]
[Date "2011.11.17"]
[Round "2"]
[White "Sarmir, Milos"]
[Black "Polak, Vratko"]
[Result "1-0"]
[WhiteElo "2048"]
[BlackElo "2073"]
[PlyCount "117"]
[EventDate "2011.11.16"]
[EventType "swiss"]
[EventRounds "7"]
[EventCountry "SVK"]
[SourceTitle "EXT 2012"]
[Source "ChessBase"]
[SourceDate "2011.11.24"]
[SourceVersion "1"]
[SourceVersionDate "2011.11.24"]
[SourceQuality "1"]

1. e4 c5 2. Nf3 d6 3. d4 cxd4 4. Nxd4 Nf6 5. Bd3 a6 6. c4 e6 7. 0-0 Be7 8. Nc3 0-0 9. Kh1 Qc7 10. Be3 b6 11. Rc1 Bb7 12. Qe2 Nbd7 13. Bb1 Rac8 14. b3 Qb8 15. f3 Rfe8 16. Qf2 d5 17. exd5 exd5 18. cxd5 Nxd5 19. Nxd5 Bxd5 20. Nf5 Bc5 21. Bxc5 Rxc5 22. Rxc5 Nxc5 23. Qd4 Qe5 24. Qh4 g6 25. Nh6+ Kg7 26. Ng4 Qf4 27. Re1 Rxe1+ 28. Qxe1 Qd4 29. Qe5+ Qxe5 30. Nxe5 Kf6 31. Ng4+ Ke7 32. Kg1 Be6 33. Ne3 Kd6 34. Kf2 h6 35. f4 Bd5 36. Nxd5 Kxd5 37. Ke3 a5 38. Bc2 Ne6 39. f5 gxf5 40. Bxf5 Nd4 41. Bd3 b5 42. g4 Kc5 43. Ke4 Nc6 44. h4 f6 45. Kf5 Nb4 46. Bb1 Nd5 47. Kg6 Nc3 48. Bf5 Nxa2 49. Kxf6 Nc1 50. g5 hxg5 51. h5 Nxb3 52. h6 a4 53. h7 a3 54. Bb1 Nd2 55. Ba2 b4 56. h8Q Kd4 57. Kxg5+ Kd3 58. Kf4 Kc2 59. Be6 1-0

[Event "Bratislava Slovan op"]
[Site "Bratislava"]
[Date "2011.06.12"]
[Round "7"]
[White "Polak, Vratko"]
[Black "Hajek, Lukas1111"]
[Result "1/2-1/2"]
[WhiteElo "2105"]
[BlackElo "2032"]
[PlyCount "56"]
[EventDate "2011.06.07"]
[EventType "swiss"]
[EventRounds "9"]
[EventCountry "SVK"]
[SourceTitle "EXT 2023"]
[Source "ChessBase"]
[SourceDate "2022.10.05"]
[SourceVersion "1"]
[SourceVersionDate "2022.10.05"]
[SourceQuality "1"]

1. d4 Nf6 2. c4 e6 3. Nc3 Bb4 4. Qc2 c5 5. dxc5 Na6 6. g3 Nxc5 7. Bg2 0-0 8. Bd2 d6 9. a3 Bxc3 10. Bxc3 e5 11. b4 Na6 12. Nf3 Qe7 13. 0-0 Be6 14. c5 dxc5 15. bxc5 Nxc5 16. Bxe5 Ncd7 17. Qc7 Qc5 18. Qxc5 Nxc5 19. Bxf6 gxf6 20. Nd4 Rfd8 21. Nxe6 fxe6 22. Rab1 Rab8 23. Rfc1 b6 24. Rd1 Kf7 25. Kf1 Ke7 26. Ke1 Rxd1+ 27. Kxd1 Rd8+ 28. Kc2 Rc8 1/2-1/2

[Event "Bratislava Slovan op"]
[Site "Bratislava"]
[Date "2011.06.11"]
[Round "5"]
[White "Polak, Vratko"]
[Black "Kukel, Imre"]
[Result "0-1"]
[WhiteElo "2105"]
[BlackElo "1992"]
[PlyCount "80"]
[EventDate "2011.06.07"]
[EventType "swiss"]
[EventRounds "9"]
[EventCountry "SVK"]
[SourceTitle "EXT 2023"]
[Source "ChessBase"]
[SourceDate "2022.10.05"]
[SourceVersion "1"]
[SourceVersionDate "2022.10.05"]
[SourceQuality "1"]

1. d4 Nf6 2. c4 e6 3. Nc3 b6 4. Bg5 Be7 5. e3 Bb7 6. Nf3 0-0 7. Bd3 d6 8. Qc2 Nbd7 9. 0-0 h6 10. Bh4 Nh5 11. Bg3 Nxg3 12. fxg3 c5 13. d5 exd5 14. Nxd5 Bxd5 15. cxd5 Bf6 16. Rae1 a6 17. a4 Ra7 18. b3 Re8 19. Nd2 Re5 20. Nc4 Rxd5 21. Be4 Rg5 22. Nxd6 Re5 23. Rd1 Qb8 24. Qc4 Re6 25. Qd5 Nf8 26. Rd3 Rd7 27. Rfd1 Rdxd6 28. Qxd6 Rxd6 29. Rxd6 Bd4 30. Rc6 Bxe3+ 31. Kh1 Bd4 32. Bf3 Nd7 33. Bg4 Nf8 34. Re1 g6 35. Re7 Qd8 36. Rcc7 Qd5 37. Bf3 Qxb3 38. h4 Qb1+ 39. Kh2 Bg1+ 40. Kh3 Qf5+ 0-1

[Event "Bratislava Slovan op"]
[Site "Bratislava"]
[Date "2011.06.10"]
[Round "4"]
[White "Danada, Ondrej"]
[Black "Polak, Vratko"]
[Result "1/2-1/2"]
[WhiteElo "1897"]
[BlackElo "2105"]
[PlyCount "80"]
[EventDate "2011.06.07"]
[EventType "swiss"]
[EventRounds "9"]
[EventCountry "SVK"]
[SourceTitle "EXT 2023"]
[Source "ChessBase"]
[SourceDate "2022.10.05"]
[SourceVersion "1"]
[SourceVersionDate "2022.10.05"]
[SourceQuality "1"]

1. e4 c5 2. Nf3 d6 3. d4 cxd4 4. Nxd4 Nf6 5. Nc3 a6 6. Bg5 e6 7. f4 Be7 8. Qf3 Nbd7 9. 0-0-0 Qc7 10. g4 b5 11. Bxf6 gxf6 12. f5 Ne5 13. Qh3 b4 14. Nce2 Nc6 15. Qh5 e5 16. Ne6 Qb6 17. Ng3 Na5 18. Ng7+ Kd7 19. Qxf7 Qe3+ 20. Kb1 Bb7 21. Bb5+ axb5 22. Qe6+ Kc6 23. Qxe7 Nc4 24. Ne6 Rhc8 25. Nh5 Nd2+ 26. Rxd2 Qxd2 27. Nxf6 Kb6 28. Nd7+ Ka5 29. Ndc5 dxc5 30. Qxb7 c4 31. Qd5 Qg2 32. Qd1 b3 33. Re1 c3 34. axb3 cxb2 35. Kxb2 Rc6 36. Re2 Qxg4 37. Qa1+ Kb6 38. Qxa8 Qxe2 39. Qb8+ Ka5 40. Qa8+ Kb6 1/2-1/2

[Event "Bratislava"]
[Site "Bratislava"]
[Date "2010.03.22"]
[Round "6"]
[White "Berek, Geza"]
[Black "Polak, Vratko"]
[Result "1-0"]
[WhiteElo "2222"]
[BlackElo "2105"]
[PlyCount "37"]
[EventDate "2010.03.16"]
[EventType "tourn"]
[EventRounds "11"]
[EventCountry "SVK"]
[SourceTitle "CBM 135 Extra"]
[Source "ChessBase"]
[SourceDate "2010.05.04"]
[SourceVersion "1"]
[SourceVersionDate "2010.05.04"]
[SourceQuality "1"]

1. e4 c5 2. Nf3 d6 3. d4 cxd4 4. Nxd4 Nf6 5. Nc3 a6 6. Be3 e6 7. f3 b5 8. Qd2 Nbd7 9. h4 Nb6 10. a4 Nc4 11. Bxc4 bxc4 12. a5 Bb7 13. Na4 Nd7 14. 0-0-0 d5 15. exd5 Bxd5 16. Rhe1 g6 17. Bg5 c3 18. Nxc3 Qxa5 19. Nb3 1-0

[Event "Bratislava"]
[Site "Bratislava"]
[Date "2010.03.18"]
[Round "3"]
[White "Polak, Vratko"]
[Black "Belus, Benjamin"]
[Result "0-1"]
[WhiteElo "2105"]
[BlackElo "1996"]
[PlyCount "82"]
[EventDate "2010.03.16"]
[EventType "tourn"]
[EventRounds "11"]
[EventCountry "SVK"]
[SourceTitle "CBM 135 Extra"]
[Source "ChessBase"]
[SourceDate "2010.05.04"]
[SourceVersion "1"]
[SourceVersionDate "2010.05.04"]
[SourceQuality "1"]

1. c4 e5 2. d3 Nf6 3. Nf3 Nc6 4. a3 Bc5 5. e3 a5 6. Be2 d5 7. cxd5 Nxd5 8. Qc2 Qe7 9. 0-0 0-0 10. b3 f5 11. Re1 e4 12. Nfd2 f4 13. Nxe4 fxe3 14. fxe3 Bxe3+ 15. Bxe3 Nxe3 16. Qc1 Ng4 17. Bxg4 Bxg4 18. Nf2 Qf6 19. Ra2 Be6 20. Rb2 Nd4 21. Qxc7 Nf3+ 22. gxf3 Qxb2 23. Qxb7 Rab8 24. Qa6 Bxb3 25. Qxa5 Rxf3 26. Nd2 Rf6 27. Rb1 Qd4 28. Nde4 Rfb6 29. Qc5 Qd7 30. Rc1 Rg6+ 31. Kf1 Rf8 32. Ke2 Rg2 33. Qe5 Qg4+ 34. Ke1 Rgxf2 35. Nxf2 Qg1+ 36. Kd2 Rxf2+ 37. Kc3 Qxc1+ 38. Kxb3 Qb1+ 39. Ka4 Rf8 40. Qd5+ Kh8 41. h4 Qb6 0-1